Financial benchmarking for Philippine Private schools (Record no. 329883)
[ view plain ]
| 000 -LEADER | |
|---|---|
| fixed length control field | 00554nam a2200169Ia 4500 |
| 008 - FIXED-LENGTH DATA ELEMENTS--GENERAL INFORMATION | |
| fixed length control field | 170510s9999 xx 000 0 und d |
| 100 ## - MAIN ENTRY--PERSONAL NAME | |
| Personal name | Rhorick B. Santos |
| 245 ## - TITLE STATEMENT | |
| Title | Financial benchmarking for Philippine Private schools |
| 245 ## - TITLE STATEMENT | |
| Statement of responsibility, etc | Rhorick B. Santos, Fiel Aldous A. Evidente |
| 260 ## - PUBLICATION, DISTRIBUTION, ETC. (IMPRINT) | |
| Date of publication, distribution, etc | 2016 |
| 300 ## - PHYSICAL DESCRIPTION | |
| Extent | pages 57-68,December |
| 440 ## - SERIES STATEMENT/ADDED ENTRY--TITLE | |
| Title | SGEN Research Review |
| Volume number/sequential designation | 5:1 |
| 650 ## - SUBJECT ADDED ENTRY--TOPICAL TERM | |
| Topical term or geographic name as entry element | Financial performance benchmark |
| 650 ## - SUBJECT ADDED ENTRY--TOPICAL TERM | |
| Topical term or geographic name as entry element | Liquidity ratios |
| 650 ## - SUBJECT ADDED ENTRY--TOPICAL TERM | |
| Topical term or geographic name as entry element | Profitability ratios |
| 650 ## - SUBJECT ADDED ENTRY--TOPICAL TERM | |
| Topical term or geographic name as entry element | Publicly listed private education institutions |
| Withdrawn status | Lost status | Damaged status | Home library | Current library | Date acquired | Total Checkouts | Date last seen | Price effective from | Koha item type |
|---|---|---|---|---|---|---|---|---|---|
| College Library | College Library | 05/10/2017 | 05/10/2017 | 05/10/2017 | Periodicals |